000
00325nam a22001457a 4500
008
210302b ||||| |||| 00| 0 eng d
020
_a
011481540
041
_a
eng
080
_2
3rd
_a
33
082
_a
33
100
_a
59
101
_a
BIZ
245
_a
Agency, Partnerships, and LLCs
_c
Kleinberger, D.S
942
_2
udc
_c
BK
999
_c
55551
_d
55551